Historia de la Iglesia / (Registro nro. 107549)

Detalles MARC
000 -LEADER
campo de control de longitud fija 00748nam a2200229 4500
001 - NÚMERO DE CONTROL
campo de control 107549
003 - IDENTIFICADOR DE NÚMERO DE CONTROL
campo de control ES-MaACL
005 - FECHA Y HORA DE LA ÚLTIMA TRANSACCIÓN
campo de control 20250831072555.0
007 - CAMPO FIJO DE DESCRIPCIÓN FÍSICA--INFORMACIÓN GENERAL
campo de control de longitud fija t|
008 - DATOS DE LONGITUD FIJA--INFORMACIÓN GENERAL
campo de control de longitud fija 061121s1959 sp r ||||1| spa d
100 1# - ENTRADA PRINCIPAL--NOMBRE DE PERSONA
Nombre de persona De Moreau, Edouard.
9 (RLIN) 43070
245 10 - MENCIÓN DEL TÍTULO
Título Historia de la Iglesia /
Mención de responsabilidad, etc. E. de Moreau, S.J. ; versión española de María Luz Morales.
250 ## - MENCION DE EDICION
Mención de edición 1.ª ed.
260 ## - PUBLICACIÓN, DISTRIBUCIÓN, ETC.
Lugar de publicación, distribución, etc. Barcelona :
Nombre del editor, distribuidor, etc. Surco,
Fecha de publicación, distribución, etc. 1959.
300 ## - DESCRIPCIÓN FÍSICA
Extensión 499 p. Lám. I-XXIV ;
Dimensiones 23 cm.
490 1# - MENCIÓN DE SERIE
Mención de serie Colección historia ;
Designación de volumen o secuencia 13
650 17 - PUNTO DE ACCESO ADICIONAL DE MATERIA--TÉRMINO DE MATERIA
Término de materia o nombre geográfico como elemento de entrada Historia eclesiástica
Fuente del encabezamiento o término embne
9 (RLIN) 13400
700 1# - ENTRADA AGREGADA--NOMBRE PERSONAL
Nombre de persona Morales, María Luz,
Fechas asociadas al nombre 1889-1980
9 (RLIN) 83001
830 0# - PUNTO DE ACCESO ADICIONAL DE SERIE-TÍTULO UNIFORME
Título uniforme Colección historia ;
Designación de volumen o secuencia 13
9 (RLIN) 179966
852 ## - LOCALIZACIÓN
Ubicación ES-MaACL
Número de control de estantería C-16098
Sublocalización o colección R.44150
Existencias
Estatus retirado Estado de pérdida Estado de daño No para préstamo Biblioteca de origen Biblioteca actual Ubicación en estantería Fecha de adquisición Fuente de adquisición Total de préstamos Signatura topográfica completa Código de barras Visto por última vez Precio de reemplazo Tipo de ítem Koha
        Biblioteca del Ateneo de Madrid Biblioteca del Ateneo de Madrid Ficheros 17/01/2008     C-16098 1112242 23/02/2023 23/02/2023 Libro impreso